Código Unión Europea / (Record no. 190933)

MARC details
000 -LEADER
campo de control de longitud fija 01086cam a2200313 4500
001 - NÚMERO DE CONTROL
campo de control 190933
003 - IDENTIFICADOR DE NÚMERO DE CONTROL
campo de control SpMaBN
005 - FECHA Y HORA DE LA ÚLTIMA TRANSACCIÓN
campo de control 20240612130224.0
008 - DATOS DE LONGITUD FIJA--INFORMACIÓN GENERAL
campo de control de longitud fija 220830s2006 sp | |||| 00 0 spa
017 ## - NÚMERO DE COPYRIGHT O DE DEPÓSITO LEGAL
Número de copyright o de depósito legal M 30738-2006
Agencia que asigna Oficina Depósito Legal Madrid
020 ## - NÚMERO INTERNACIONAL ESTÁNDAR DEL LIBRO
Número Internacional Estándar del Libro 978-84-9725-702-2
020 ## - NÚMERO INTERNACIONAL ESTÁNDAR DEL LIBRO
Número Internacional Estándar del Libro 84-9725-702-2
035 ## - NÚMERO DE CONTROL DEL SISTEMA
Número de control de sistema (OCoLC)74884346
040 ## - FUENTE DE CATALOGACIÓN
Centro catalogador/agencia de origen SpMaBN
Lengua de catalogación spa
Centro/agencia transcriptor SpMaBN
Normas de descripción rdc
080 ## - NÚMERO DE LA CLASIFICACIÓN DECIMAL UNIVERSAL
Número de la Clasificación Decimal Universal 341.176(4-672 UE)(094.2)
080 ## - NÚMERO DE LA CLASIFICACIÓN DECIMAL UNIVERSAL
Número de la Clasificación Decimal Universal 342.7(4-672 UE)(094.2)
080 ## - NÚMERO DE LA CLASIFICACIÓN DECIMAL UNIVERSAL
Número de la Clasificación Decimal Universal 342.4(4-672 UE)"2004"(094.5)
245 00 - MENCIÓN DEL TÍTULO
Título Código Unión Europea /
Mención de responsabilidad, etc. [consejo de redacción, Alberto Alonso Ureba].
250 ## - MENCION DE EDICION
Mención de edición Ed. sept. 2006.
260 ## - PUBLICACIÓN, DISTRIBUCIÓN, ETC.
Lugar de publicación, distribución, etc. Las Rozas, Madrid :
Nombre del editor, distribuidor, etc. La Ley,
Fecha de publicación, distribución, etc. 2006.
300 ## - DESCRIPCIÓN FÍSICA
Extensión 553 p. ;
Dimensiones 21 cm +
Material acompañante/anejo 1 disco (CD-ROM)
500 ## - NOTA GENERAL
Nota general Índice.
610 27 - PUNTO DE ACCESO ADICIONAL DE MATERIA--NOMBRE DE ENTIDAD CORPORATIVA
Nombre de entidad corporativa o nombre de jurisdicción como elemento de entrada Unión Europea-
Subdivisión de forma Tratados, convenios, etc.
9 (RLIN) 174997
700 1# - ENTRADA AGREGADA--NOMBRE PERSONAL
Nombre de persona Alonso Ureba, Alberto.
9 (RLIN) 20416
852 ## - LOCALIZACIÓN
Ubicación ES-MaACL
Número de control de estantería A-15298
itemnumber 198122
Ubicación en estantería Depósito 1
Signatura antigua Olim: L 342.4(4-672 UE) "2006" cod
-- Olim: Meseton
852 ## - LOCALIZACIÓN
Ubicación ES-MaACL
Número de control de estantería ROT 6/3/3
itemnumber 203335
Ubicación en estantería Rotativo
942 ## - ELEMENTOS DE ENTRADA SECUNDARIOS (KOHA)
Fuente del sistema de clasificación o colocación Clasificación decimal universal
Holdings
Estatus retirado Estado de pérdida Fuente del sistema de clasificación o colocación Estado de daño No para préstamo Biblioteca de origen Biblioteca actual Ubicación en estantería Fecha de adquisición Total de préstamos Signatura topográfica completa Código de barras Visto por última vez Precio de reemplazo Tipo de ítem Koha
    Clasificación decimal universal     Biblioteca del Ateneo de Madrid Biblioteca del Ateneo de Madrid Depósito 1 30/08/2022   A-15298 1203226 23/02/2023 23/02/2023 Libro impreso
    Clasificación decimal universal     Biblioteca del Ateneo de Madrid Biblioteca del Ateneo de Madrid Rotativo 11/06/2024   ROT 6/3/3 101228377 11/06/2024 11/06/2024 Archivo de ordenador en CD-ROM, CD o disquete